<?xml version="1.0" encoding="UTF-8"?>
<record
    xmlns:xsi="http://www.w3.org/2001/XMLSchema-instance"
    xsi:schemaLocation="http://www.loc.gov/MARC21/slim http://www.loc.gov/standards/marcxml/schema/MARC21slim.xsd"
    xmlns="http://www.loc.gov/MARC21/slim">

  <leader>03775nam a2200481 a 4500</leader>
  <controlfield tag="005">20080808105145.0</controlfield>
  <controlfield tag="008">080808t        xxu||||| |||| 00| 0 eng d</controlfield>
  <datafield tag="010" ind1=" " ind2=" ">
    <subfield code="a">B-282997-283012</subfield>
  </datafield>
  <datafield tag="020" ind1=" " ind2=" ">
    <subfield code="a">0439739365 </subfield>
    <subfield code="c">225.00</subfield>
  </datafield>
  <datafield tag="035" ind1=" " ind2=" ">
    <subfield code="a">B-282997-283012</subfield>
  </datafield>
  <datafield tag="040" ind1=" " ind2=" ">
    <subfield code="a">DPL</subfield>
    <subfield code="b">EN</subfield>
  </datafield>
  <datafield tag="082" ind1=" " ind2=" ">
    <subfield code="a">741.5</subfield>
  </datafield>
  <datafield tag="100" ind1=" " ind2=" ">
    <subfield code="a">Telgemeier, Raina </subfield>
  </datafield>
  <datafield tag="245" ind1=" " ind2=" ">
    <subfield code="a">The truth about Stacey:</subfield>
    <subfield code="b">a graphic novel /</subfield>
    <subfield code="c">by Raina Telgemeier;edited by David Levithan &amp; Janna Morishima </subfield>
  </datafield>
  <datafield tag="250" ind1=" " ind2=" ">
    <subfield code="a">1st ed.</subfield>
  </datafield>
  <datafield tag="260" ind1=" " ind2=" ">
    <subfield code="a">New York :</subfield>
    <subfield code="b">Scholastic India </subfield>
    <subfield code="c">2007</subfield>
  </datafield>
  <datafield tag="300" ind1=" " ind2=" ">
    <subfield code="a">141 p. :</subfield>
    <subfield code="b">ill. </subfield>
    <subfield code="c">24 cm (pbk)</subfield>
  </datafield>
  <datafield tag="490" ind1=" " ind2=" ">
    <subfield code="a">The Baby-sitters Club / by Ann M. Martin</subfield>
  </datafield>
  <datafield tag="500" ind1=" " ind2=" ">
    <subfield code="a">Based on: The truth about Stacey / Ann M. Martin.</subfield>
  </datafield>
  <datafield tag="700" ind1=" " ind2=" ">
    <subfield code="a">Martin, Ann M.</subfield>
  </datafield>
  <datafield tag="700" ind1=" " ind2=" ">
    <subfield code="a">Levithan, David </subfield>
  </datafield>
  <datafield tag="700" ind1=" " ind2=" ">
    <subfield code="a">Morishima, Janna </subfield>
  </datafield>
  <datafield tag="942" ind1=" " ind2=" ">
    <subfield code="2">ddc</subfield>
    <subfield code="c">CH</subfield>
    <subfield code="h">741.5</subfield>
    <subfield code="m">TEL</subfield>
  </datafield>
  <datafield tag="999" ind1=" " ind2=" ">
    <subfield code="c">14757</subfield>
    <subfield code="d">14757</subfield>
  </datafield>
  <datafield tag="952" ind1=" " ind2=" ">
    <subfield code="0">0</subfield>
    <subfield code="1">0</subfield>
    <subfield code="4">0</subfield>
    <subfield code="7">0</subfield>
    <subfield code="8">FIC</subfield>
    <subfield code="a">L</subfield>
    <subfield code="b">L</subfield>
    <subfield code="d">2008-08-08</subfield>
    <subfield code="g">225.00</subfield>
    <subfield code="l">1</subfield>
    <subfield code="o">741.5 TEL</subfield>
    <subfield code="p">B-282997</subfield>
    <subfield code="r">2023-05-29 00:00:00</subfield>
    <subfield code="s">2023-05-23</subfield>
    <subfield code="t">1</subfield>
    <subfield code="v">225.00</subfield>
    <subfield code="w">2008-09-15</subfield>
    <subfield code="y">CH</subfield>
  </datafield>
  <datafield tag="952" ind1=" " ind2=" ">
    <subfield code="0">0</subfield>
    <subfield code="1">0</subfield>
    <subfield code="4">0</subfield>
    <subfield code="7">0</subfield>
    <subfield code="8">FIC</subfield>
    <subfield code="a">BL1</subfield>
    <subfield code="b">BL1</subfield>
    <subfield code="d">2008-08-08</subfield>
    <subfield code="g">225.00</subfield>
    <subfield code="l">0</subfield>
    <subfield code="o">741.5 TEL</subfield>
    <subfield code="p">B-282998</subfield>
    <subfield code="r">2008-09-15 00:00:00</subfield>
    <subfield code="t">1</subfield>
    <subfield code="v">225.00</subfield>
    <subfield code="w">2008-09-15</subfield>
    <subfield code="y">CH</subfield>
  </datafield>
  <datafield tag="952" ind1=" " ind2=" ">
    <subfield code="0">0</subfield>
    <subfield code="1">0</subfield>
    <subfield code="4">0</subfield>
    <subfield code="7">0</subfield>
    <subfield code="8">FIC</subfield>
    <subfield code="a">KGM</subfield>
    <subfield code="b">KGM</subfield>
    <subfield code="d">2008-08-08</subfield>
    <subfield code="g">225.00</subfield>
    <subfield code="l">1</subfield>
    <subfield code="o">741.5 TEL</subfield>
    <subfield code="p">B-282999</subfield>
    <subfield code="r">2023-10-17 00:00:00</subfield>
    <subfield code="s">2023-10-04</subfield>
    <subfield code="t">1</subfield>
    <subfield code="v">225.00</subfield>
    <subfield code="w">2008-09-15</subfield>
    <subfield code="y">CH</subfield>
  </datafield>
  <datafield tag="952" ind1=" " ind2=" ">
    <subfield code="0">0</subfield>
    <subfield code="1">0</subfield>
    <subfield code="4">0</subfield>
    <subfield code="7">0</subfield>
    <subfield code="8">FIC</subfield>
    <subfield code="a">PR</subfield>
    <subfield code="b">PR</subfield>
    <subfield code="d">2008-08-08</subfield>
    <subfield code="g">225.00</subfield>
    <subfield code="l">1</subfield>
    <subfield code="o">741.5 TEL</subfield>
    <subfield code="p">B-283000</subfield>
    <subfield code="r">2022-09-19 00:00:00</subfield>
    <subfield code="s">2022-09-17</subfield>
    <subfield code="t">1</subfield>
    <subfield code="v">225.00</subfield>
    <subfield code="w">2008-09-15</subfield>
    <subfield code="y">CH</subfield>
  </datafield>
  <datafield tag="952" ind1=" " ind2=" ">
    <subfield code="0">0</subfield>
    <subfield code="1">0</subfield>
    <subfield code="4">0</subfield>
    <subfield code="7">0</subfield>
    <subfield code="8">FIC</subfield>
    <subfield code="a">TN</subfield>
    <subfield code="b">TN</subfield>
    <subfield code="d">2008-08-08</subfield>
    <subfield code="g">225.00</subfield>
    <subfield code="l">3</subfield>
    <subfield code="o">741.5 TEL</subfield>
    <subfield code="p">B-283001</subfield>
    <subfield code="r">2023-05-23 00:00:00</subfield>
    <subfield code="s">2023-05-23</subfield>
    <subfield code="t">1</subfield>
    <subfield code="v">225.00</subfield>
    <subfield code="w">2008-09-15</subfield>
    <subfield code="y">CH</subfield>
  </datafield>
  <datafield tag="952" ind1=" " ind2=" ">
    <subfield code="0">0</subfield>
    <subfield code="1">0</subfield>
    <subfield code="4">0</subfield>
    <subfield code="7">0</subfield>
    <subfield code="8">FIC</subfield>
    <subfield code="a">CJ</subfield>
    <subfield code="b">CJ</subfield>
    <subfield code="d">2008-08-08</subfield>
    <subfield code="g">225.00</subfield>
    <subfield code="l">0</subfield>
    <subfield code="o">741.5 TEL</subfield>
    <subfield code="p">B-283002</subfield>
    <subfield code="r">2008-09-15 00:00:00</subfield>
    <subfield code="t">1</subfield>
    <subfield code="v">225.00</subfield>
    <subfield code="w">2008-09-15</subfield>
    <subfield code="y">CH</subfield>
  </datafield>
  <datafield tag="952" ind1=" " ind2=" ">
    <subfield code="0">0</subfield>
    <subfield code="1">0</subfield>
    <subfield code="4">0</subfield>
    <subfield code="7">0</subfield>
    <subfield code="8">FIC</subfield>
    <subfield code="a">DIZ</subfield>
    <subfield code="b">DIZ</subfield>
    <subfield code="d">2008-08-08</subfield>
    <subfield code="g">225.00</subfield>
    <subfield code="l">1</subfield>
    <subfield code="o">741.5 TEL</subfield>
    <subfield code="p">B-283003</subfield>
    <subfield code="r">2025-11-18 00:00:00</subfield>
    <subfield code="s">2025-11-17</subfield>
    <subfield code="t">1</subfield>
    <subfield code="v">225.00</subfield>
    <subfield code="w">2008-09-15</subfield>
    <subfield code="y">CH</subfield>
  </datafield>
  <datafield tag="952" ind1=" " ind2=" ">
    <subfield code="0">0</subfield>
    <subfield code="1">0</subfield>
    <subfield code="4">0</subfield>
    <subfield code="7">0</subfield>
    <subfield code="8">FIC</subfield>
    <subfield code="a">ZLS</subfield>
    <subfield code="b">ZLS</subfield>
    <subfield code="d">2008-08-08</subfield>
    <subfield code="g">225.00</subfield>
    <subfield code="l">1</subfield>
    <subfield code="o">741.5 TEL</subfield>
    <subfield code="p">B-283004</subfield>
    <subfield code="r">2019-09-26 00:00:00</subfield>
    <subfield code="s">2019-09-13</subfield>
    <subfield code="t">1</subfield>
    <subfield code="v">225.00</subfield>
    <subfield code="w">2008-09-15</subfield>
    <subfield code="y">CH</subfield>
  </datafield>
  <datafield tag="952" ind1=" " ind2=" ">
    <subfield code="0">0</subfield>
    <subfield code="1">0</subfield>
    <subfield code="4">0</subfield>
    <subfield code="7">0</subfield>
    <subfield code="8">FIC</subfield>
    <subfield code="a">BL3</subfield>
    <subfield code="b">BL3</subfield>
    <subfield code="d">2008-08-08</subfield>
    <subfield code="g">225.00</subfield>
    <subfield code="l">0</subfield>
    <subfield code="o">741.5 TEL</subfield>
    <subfield code="p">B-283005</subfield>
    <subfield code="r">2008-09-15 00:00:00</subfield>
    <subfield code="t">1</subfield>
    <subfield code="v">225.00</subfield>
    <subfield code="w">2008-09-15</subfield>
    <subfield code="y">CH</subfield>
  </datafield>
  <datafield tag="952" ind1=" " ind2=" ">
    <subfield code="0">0</subfield>
    <subfield code="1">0</subfield>
    <subfield code="4">0</subfield>
    <subfield code="7">0</subfield>
    <subfield code="8">FIC</subfield>
    <subfield code="a">NRR</subfield>
    <subfield code="b">NRR</subfield>
    <subfield code="d">2008-08-08</subfield>
    <subfield code="g">225.00</subfield>
    <subfield code="l">0</subfield>
    <subfield code="o">741.5 TEL</subfield>
    <subfield code="p">B-283006</subfield>
    <subfield code="r">2008-09-15 00:00:00</subfield>
    <subfield code="t">1</subfield>
    <subfield code="v">225.00</subfield>
    <subfield code="w">2008-09-15</subfield>
    <subfield code="y">CH</subfield>
  </datafield>
  <datafield tag="952" ind1=" " ind2=" ">
    <subfield code="0">0</subfield>
    <subfield code="1">0</subfield>
    <subfield code="4">0</subfield>
    <subfield code="7">0</subfield>
    <subfield code="8">FIC</subfield>
    <subfield code="a">BKK</subfield>
    <subfield code="b">BKK</subfield>
    <subfield code="d">2008-08-08</subfield>
    <subfield code="g">225.00</subfield>
    <subfield code="l">0</subfield>
    <subfield code="o">741.5 TEL</subfield>
    <subfield code="p">B-283007</subfield>
    <subfield code="r">2010-07-05 00:00:00</subfield>
    <subfield code="t">1</subfield>
    <subfield code="v">225.00</subfield>
    <subfield code="w">2008-09-15</subfield>
    <subfield code="y">CH</subfield>
  </datafield>
  <datafield tag="952" ind1=" " ind2=" ">
    <subfield code="0">0</subfield>
    <subfield code="1">0</subfield>
    <subfield code="4">0</subfield>
    <subfield code="7">0</subfield>
    <subfield code="8">FIC</subfield>
    <subfield code="a">NR</subfield>
    <subfield code="b">NR</subfield>
    <subfield code="d">2008-08-08</subfield>
    <subfield code="g">225.00</subfield>
    <subfield code="l">0</subfield>
    <subfield code="o">741.5 TEL</subfield>
    <subfield code="p">B-283008</subfield>
    <subfield code="r">2008-09-15 00:00:00</subfield>
    <subfield code="t">1</subfield>
    <subfield code="v">225.00</subfield>
    <subfield code="w">2008-09-15</subfield>
    <subfield code="y">CH</subfield>
  </datafield>
  <datafield tag="952" ind1=" " ind2=" ">
    <subfield code="0">0</subfield>
    <subfield code="1">0</subfield>
    <subfield code="4">0</subfield>
    <subfield code="7">0</subfield>
    <subfield code="8">FIC</subfield>
    <subfield code="a">BN</subfield>
    <subfield code="b">BN</subfield>
    <subfield code="d">2008-08-08</subfield>
    <subfield code="g">225.00</subfield>
    <subfield code="l">0</subfield>
    <subfield code="o">741.5 TEL</subfield>
    <subfield code="p">B-283009</subfield>
    <subfield code="r">2008-09-15 00:00:00</subfield>
    <subfield code="t">1</subfield>
    <subfield code="v">225.00</subfield>
    <subfield code="w">2008-09-15</subfield>
    <subfield code="y">CH</subfield>
  </datafield>
  <datafield tag="952" ind1=" " ind2=" ">
    <subfield code="0">0</subfield>
    <subfield code="1">0</subfield>
    <subfield code="4">0</subfield>
    <subfield code="7">0</subfield>
    <subfield code="8">FIC</subfield>
    <subfield code="a">KV</subfield>
    <subfield code="b">KV</subfield>
    <subfield code="d">2008-08-08</subfield>
    <subfield code="g">225.00</subfield>
    <subfield code="l">0</subfield>
    <subfield code="o">741.5 TEL</subfield>
    <subfield code="p">B-283010</subfield>
    <subfield code="r">2008-09-15 00:00:00</subfield>
    <subfield code="t">1</subfield>
    <subfield code="v">225.00</subfield>
    <subfield code="w">2008-09-15</subfield>
    <subfield code="y">CH</subfield>
  </datafield>
  <datafield tag="952" ind1=" " ind2=" ">
    <subfield code="0">0</subfield>
    <subfield code="1">0</subfield>
    <subfield code="4">0</subfield>
    <subfield code="7">0</subfield>
    <subfield code="8">FIC</subfield>
    <subfield code="a">MV</subfield>
    <subfield code="b">MV</subfield>
    <subfield code="d">2008-08-08</subfield>
    <subfield code="g">225.00</subfield>
    <subfield code="l">0</subfield>
    <subfield code="o">741.5 TEL</subfield>
    <subfield code="p">B-283011</subfield>
    <subfield code="r">2008-09-15 00:00:00</subfield>
    <subfield code="t">1</subfield>
    <subfield code="v">225.00</subfield>
    <subfield code="w">2008-09-15</subfield>
    <subfield code="y">CH</subfield>
  </datafield>
  <datafield tag="952" ind1=" " ind2=" ">
    <subfield code="0">0</subfield>
    <subfield code="1">0</subfield>
    <subfield code="4">0</subfield>
    <subfield code="7">0</subfield>
    <subfield code="8">FIC</subfield>
    <subfield code="a">MP</subfield>
    <subfield code="b">MP</subfield>
    <subfield code="d">2008-08-08</subfield>
    <subfield code="g">225.00</subfield>
    <subfield code="l">0</subfield>
    <subfield code="o">741.5 TEL</subfield>
    <subfield code="p">B-283012</subfield>
    <subfield code="r">2008-09-15 00:00:00</subfield>
    <subfield code="t">1</subfield>
    <subfield code="v">225.00</subfield>
    <subfield code="w">2008-09-15</subfield>
    <subfield code="y">CH</subfield>
  </datafield>
  <datafield tag="952" ind1=" " ind2=" ">
    <subfield code="0">0</subfield>
    <subfield code="1">0</subfield>
    <subfield code="2">ddc</subfield>
    <subfield code="4">0</subfield>
    <subfield code="7">0</subfield>
    <subfield code="8">NFIC</subfield>
    <subfield code="a">VP</subfield>
    <subfield code="b">VP</subfield>
    <subfield code="d">2008-09-16</subfield>
    <subfield code="e">Scholastic/TR-A-00118/2.9.08/213/21.7.08/11.9.08</subfield>
    <subfield code="g">225.00</subfield>
    <subfield code="l">16</subfield>
    <subfield code="m">2</subfield>
    <subfield code="o">741.5 TEL</subfield>
    <subfield code="p">B-285440</subfield>
    <subfield code="r">2016-11-28 00:00:00</subfield>
    <subfield code="s">2016-11-26</subfield>
    <subfield code="t">1</subfield>
    <subfield code="v">225.00</subfield>
    <subfield code="w">2008-09-16</subfield>
    <subfield code="y">CH</subfield>
  </datafield>
</record>
